000 00583nam a22001937a 4500
999 _c17692
_d17692
008 190524b xxu||||| |||| 00| 0 eng d
020 _a9966103567
040 _aKABU
_cKABU
050 _aDT433.582
_b.L48 2017 c. 1
100 _aLetangule, Thomas
245 _aTrailblazer
_cThomas Letangule, foreword by Pheroze Nowrojee
260 _aKenya
_bEnglish Press
_c2017
300 _axxi, 310 p.
650 _aThomas Letangule
650 _aPioneers
_xBiography
_zKenya
650 _aKenyan
_xBiography
700 _aNowrojee, Pheroze
942 _2lcc
_cAFRI
_hDT433.582
_kAfr